000 00341 a2200157 4500
001 126908
020 _a9788586790782
040 _cEscola Canadense de Niteroi
090 _aCAN
245 1 0 _aPoesia, Furacão de Versos.
250 _a1.ed.
260 _aRio de Janeiro
300 _c6 x 23.6 x 0.5 cm
362 0 _a2021
942 _cBK
999 _c126908
_d126908